Podział administracyjny Litwy - Statystyki

Ogólne statystyki
  • Ten quiz został rozwiązany 9 razy
  • Średni wynik to 7 z 10
Statystyki odpowiedzi
Nazwa jednostki administracyjnej Nazwa % Poprawnych
Okręg kłajpedzki
100%
Okręg kowieński
100%
Okręg poniewieski
100%
Okręg wileński
100%
Okręg olicki
80%
Okręg szawelski
80%
Okręg mariampolski
60%
Okręg tauroski
40%
Okręg uciański
40%
Okręg telszański
20%
Nie znaleziono quizów pasujących do podanych kryteriów
Rozkład punktacji
Procent ludzi z każdym wynikiem
Percentyl według liczby udzielonych odpowiedzi
Twoja historia wyników
Nie rozwiązałeś tego quizu